Т. 1; Похождения бравого солдата Швейка

Detaylı Bibliyografya
Parent link:Похождения бравого солдата Швейка: [роман: в 2 т.]/ Я. Гашек; пер. с чеш. П. Богатырева; ил. Йозефа Лады. Т. 1.— , 1993-
Dil:Rusça
Baskı/Yayın Bilgisi: 1993
Konular:
Materyal Türü: Kitap
KOHA link:https://koha.lib.tpu.ru/cgi-bin/koha/opac-detail.pl?biblionumber=83536

MARC

LEADER 00000nam2a2200000 4500
001 83536
005 20231031100225.0
010 |a 5872430035 
020 |a RU  |b 93-25313 
035 |a (RuTPU)RU\TPU\book\89823 
035 |a RU\TPU\book\89812 
090 |a 83536 
100 |a 20051018d1993 m y0rusy5003 ca 
101 1 |a rus  |c cze 
102 |a RU 
105 |a a z 000ay 
200 0 |a Т. 1 
210 |d 1993 
215 |d 22 см  |e (ил.)  |a 400 с. 
461 1 |0 (RuTPU)RU\TPU\book\89815  |t Похождения бравого солдата Швейка  |o [роман: в 2 т.]  |f Я. Гашек  |g пер. с чеш. П. Богатырева; ил. Йозефа Лады  |v Т. 1  |d 1993- 
610 0 |a Первая мировая война 1914-1918 
610 0 |a Австро-Венгрия 
610 0 |a чешская литература 
610 0 |a романы 
675 |a 885  |z rus 
801 0 |a RU  |b RuMRKP  |c 19950413  |g psbo 
801 1 |a RU  |b 63413507  |c 20051018  |g PSBO 
801 2 |a RU  |b 63413507  |c 20051018  |g PSBO 
942 |c BK